| 000 | 01041nam a22002537a 4500 | ||
|---|---|---|---|
| 003 | OSt | ||
| 005 | 20251017184206.0 | ||
| 008 | 240201b ||||| |||| 00| 0 eng d | ||
| 040 | _c0 | ||
| 082 | _aDPer 621.317 Ie21 January 2022 v. 37 n. 1 | ||
| 100 |
_aYang, Jinxu. _eauthor. _951134 |
||
| 245 |
_aExternal magnetic field minimization for the integrated magnetics in series resonant converter / _cJinxu Yang, Xinkle Wu, Faheem Muhammad, and Zhijiang Deng. |
||
| 260 |
_aNew York ; _bThe Institute of Electrical and Electronics Engineers, Inc. , _cJanuary 2022. |
||
| 300 |
_aVolume 37, pages 498-508 : _billustration ; _c28 cm. |
||
| 500 | _aIEEE Transactions on Power Electronics, v. 37 n. 1, pages 498-508, January 2022. | ||
| 650 | 0 |
_aInductors. _965801 |
|
| 650 | 0 |
_aMagnetic resonance. _965859 |
|
| 650 | 0 |
_aWindings. _965851 |
|
| 700 |
_aYang, Jinxu. _eauthor. _951134 |
||
| 700 |
_aWu, Xinkle. _eauthor. _951135 |
||
| 700 |
_aMuhammad, Faheem. _eauthor. _951136 |
||
| 700 |
_aDeng, Zhijiang. _eauthor. _951137 |
||
| 942 |
_2ddc _cPER |
||
| 999 |
_c18861 _d18861 |
||